¿Y si probamos con las sociedades anónimas deportivas? (Registro nro. 21224)

Detalles MARC
000 -LEADER
fixed length control field 00349 a2200109 4500
001 - CONTROL NUMBER
control field ART_45661
005 - DATE AND TIME OF LATEST TRANSACTION
control field 20260410161808.0
008 - FIXED-LENGTH DATA ELEMENTS--GENERAL INFORMATION
fixed length control field 260409a
100 1# - MAIN ENTRY--PERSONAL NAME
Personal name Camerini, Marcelo A.
245 10 - TITLE STATEMENT
Title ¿Y si probamos con las sociedades anónimas deportivas?
773 0# - HOST ITEM ENTRY
Title Doctrina Societaria y Concursal
Related parts - Nº 364 (mar. 2018)
Record control number REV4298

No hay ítems disponibles.